| 000 | 00691nam a2200205 4500 | ||
|---|---|---|---|
| 999 |
_c740 _d740 |
||
| 001 | 1045 | ||
| 005 | 20190808133107.0 | ||
| 008 | 190808b ||||| |||| 00| 0 eng d | ||
| 020 | 0 | 0 | _a9993622419 |
| 090 | 0 | 0 | _a248.26 T4449s |
| 100 | 0 | 0 | _aThinley, Kuenzang. |
| 245 | 0 | 0 |
_aདད་པའི་ས་བོན། _cKuenzang Thinley. |
| 246 | _a[Seeds of faith : a comprehensive guide to the sacred places of Bhutan]. | ||
| 260 | 0 | 0 |
_aThimphu : _bKMT Publisher, _c2008. |
| 300 | 0 | 0 | _aIn Dzongkha. |
| 500 | 0 | 0 | _axxiii, 326 p. : col. illi. |
| 650 | 0 | 0 | _aBuddhist monasteries --Bhutan --Guidebooks. |
| 650 | 0 | 0 | _aBuddhist pilgrims and pilgrimages --Bhutan --Guidebooks. |
| 942 |
_2ddc _cDZONGKHA |
||